[Event "St Petersburg-chT "]
[Site "St Petersburg"]
[Date "2003.??.??"]
[Round "5"]
[White "Bashkirov, Valentin"]
[Black "Yakovlev, Yuri S"]
[Result "0-1"]
[WhiteElo "2089"]
[BlackElo "2035"]
[PlyCount "92"]
[EventDate "2003.??.??"]
[EventType "team-tourn"]
[EventRounds "9"]
[EventCountry "RUS"]
[SourceTitle "EXT 2005"]
[Source "ChessBase"]
[SourceDate "2004.11.15"]
[SourceVersion "1"]
[SourceVersionDate "2004.11.15"]
[SourceQuality "1"]

1. d4 Nf6 2. Bg5 d5 3. Nd2 e6 4. e3 c5 5. c3 Nc6 6. Ngf3 h6 7. Bh4 Bd6 8. Bd3 0-0 9. 0-0 b6 10. Rc1 Bb7 11. Bb1 Be7 12. Qc2 g6 13. Bg3 Rc8 14. Bf4 Kg7 15. Ne5 Nxe5 16. Bxe5 Bd6 17. Nf3 Bxe5 18. Nxe5 Qe8 19. f3 Nd7 20. f4 f5 21. Qf2 Nxe5 22. dxe5 Ba6 23. Rfd1 Qe7 24. b3 Rfd8 25. Qb2 Bb7 26. Bd3 Qc7 27. Be2 g5 28. h3 Rh8 29. g4 Rcf8 30. gxf5 Rhg8 31. f6+ Kh8 32. Kh2 gxf4 33. exf4 Rxf6 34. Qd2 d4 35. Rg1 Rfg6 36. Bg4 dxc3 37. Qxc3 Qg7 38. b4 h5 39. bxc5 bxc5 40. Qxc5 hxg4 41. Rg3 gxh3 42. Rxg6 Qxg6 43. Qf2 Qg2+ 44. Qxg2 hxg2 45. Kg1 Rg4 46. Rc7 Bd5 0-1

[Event "St Petersburg-chT "]
[Site "St Petersburg"]
[Date "2003.??.??"]
[Round "8"]
[White "Shapiro, Viktor"]
[Black "Bashkirov, Valentin"]
[Result "1-0"]
[WhiteElo "2251"]
[BlackElo "2089"]
[PlyCount "67"]
[EventDate "2003.??.??"]
[EventType "team-tourn"]
[EventRounds "9"]
[EventCountry "RUS"]
[SourceTitle "EXT 2005"]
[Source "ChessBase"]
[SourceDate "2004.11.15"]
[SourceVersion "1"]
[SourceVersionDate "2004.11.15"]
[SourceQuality "1"]

1. c4 e5 2. g3 Nf6 3. Bg2 d5 4. cxd5 Nxd5 5. Nc3 Be6 6. Nf3 Nc6 7. d3 Be7 8. Bd2 0-0 9. a3 a5 10. 0-0 Nb6 11. Be3 Nd5 12. Bd2 Ra6 13. Rc1 Rb6 14. Nxd5 Bxd5 15. Bc3 f6 16. Nd2 Bxg2 17. Kxg2 f5 18. Nc4 Ra6 19. e4 f4 20. f3 fxg3 21. hxg3 Bg5 22. Rb1 Qf6 23. f4 Bh6 24. Nxe5 Nxe5 25. Bxe5 Qf7 26. Rc1 c6 27. Rh1 Rb6 28. Qg4 c5 29. Rxc5 Rg6 30. Qf3 b6 31. Rc7 Qb3 32. f5 Rg5 33. Qf4 Rgxf5 34. exf5 1-0

[Event "St Petersburg op"]
[Site "St Petersburg"]
[Date "2003.??.??"]
[Round "2"]
[White "Znamensky, Vladimir"]
[Black "Bashkirov, Valentin"]
[Result "1-0"]
[WhiteElo "2319"]
[BlackElo "2054"]
[PlyCount "107"]
[EventDate "2003.??.??"]
[EventType "swiss"]
[EventRounds "9"]
[EventCountry "RUS"]
[SourceTitle "EXT 2005"]
[Source "ChessBase"]
[SourceDate "2004.11.15"]
[SourceVersion "1"]
[SourceVersionDate "2004.11.15"]
[SourceQuality "1"]

1. d4 Nf6 2. Nf3 c5 3. c3 b6 4. Bf4 Bb7 5. e3 g6 6. Nbd2 Bg7 7. h3 0-0 8. Qb3 cxd4 9. exd4 d5 10. Bd3 Nc6 11. 0-0 Rc8 12. Rae1 e6 13. Ne5 Nh5 14. Nxc6 Rxc6 15. Bh2 Bh6 16. Nf3 Nf4 17. Bxf4 Bxf4 18. Ne5 Rc7 19. g3 Bh6 20. f4 Bg7 21. Qc2 Qd6 22. Re3 a5 23. h4 f5 24. Nf3 Bf6 25. Rfe1 Bc8 26. Ng5 Bxd4 27. Nf3 Bxe3+ 28. Rxe3 Bd7 29. Nd4 Rf6 30. Qe2 Rc8 31. Kg2 h5 32. a3 Kg7 33. Re5 Re8 34. Kh1 Rff8 35. Kg1 Kf6 36. Kh2 Re7 37. Qd1 Rb8 38. Be2 b5 39. b4 axb4 40. axb4 Qa6 41. Nb3 Ra8 42. Qd4 Kf7 43. Nc5 Qc6 44. Re3 Qc7 45. Nd3 Ra3 46. Ne5+ Qxe5 47. Qxe5 Re8 48. Qc7 Re7 49. Qd6 Be8 50. Bf3 Raa7 51. Kg1 Rad7 52. Qe5 Ra7 53. Kf2 Ra6 54. Bxd5 1-0

[Event "Petrov Memorial op"]
[Site "St Petersburg"]
[Date "2002.02.20"]
[Round "9"]
[White "Osinovsky, Stepan"]
[Black "Bashkirov, Valentin"]
[Result "1-0"]
[WhiteElo "2241"]
[BlackElo "2105"]
[PlyCount "70"]
[EventDate "2002.02.12"]
[EventType "swiss"]
[EventRounds "9"]
[EventCountry "RUS"]
[SourceTitle "CBM 086 Extra"]
[Source "ChessBase"]
[SourceDate "2002.03.14"]
[SourceVersion "1"]
[SourceVersionDate "2002.03.14"]
[SourceQuality "1"]

1. e4 e6 2. d4 d5 3. Nc3 a6 4. Nf3 Nf6 5. Bg5 Be7 6. e5 Nfd7 7. Bf4 c5 8. dxc5 Nc6 9. Bd3 g5 10. Bg3 g4 11. Nd2 Ndxe5 12. Nb3 d4 13. Na4 Nxd3+ 14. Qxd3 e5 15. Qe2 f6 16. Nb6 Rb8 17. Qc4 f5 18. 0-0-0 Bg5+ 19. Kb1 Qe7 20. Nd5 Qf7 21. Bxe5 Nxe5 22. Rhe1 Be3 23. Qa4+ Bd7 24. Nc7+ Kf8 25. Qa3 Nc4 26. Qb4 Bf4 27. Rxd4 Bxc7 28. c6+ Nd6 29. Rxd6 bxc6 30. Qd4 Be8 31. Qxh8+ Qg8 32. Qd4 Bf7 33. Rd7 Bxh2 34. g3 Re8 35. Rxe8+ Bxe8 1-0

[Event "St Petersburg op"]
[Site "St Petersburg"]
[Date "2002.??.??"]
[Round "7"]
[White "Altshul, Raffael"]
[Black "Bashkirov, Valentin"]
[Result "0-1"]
[WhiteElo "2338"]
[BlackElo "2105"]
[PlyCount "106"]
[EventDate "2002.??.??"]
[EventType "swiss"]
[EventRounds "9"]
[EventCountry "RUS"]
[SourceTitle "EXT 2006"]
[Source "ChessBase"]
[SourceDate "2005.11.24"]
[SourceVersion "1"]
[SourceVersionDate "2005.11.24"]
[SourceQuality "1"]

1. d4 g6 2. e4 Bg7 3. Nf3 d6 4. Bc4 e6 5. Nc3 a6 6. a4 b6 7. 0-0 Ne7 8. Bg5 h6 9. Be3 Nd7 10. Qe2 Bb7 11. Rad1 0-0 12. Ne1 d5 13. exd5 exd5 14. Ba2 b5 15. Nd3 c5 16. Nf4 c4 17. Bb1 b4 18. Na2 a5 19. c3 b3 20. Nc1 Nb6 21. Qd2 Nxa4 22. Nce2 Nb6 23. g4 Nd7 24. Ng3 Ra6 25. Ng2 Nf6 26. f3 Kh7 27. h4 Rh8 28. h5 Kg8 29. hxg6 fxg6 30. Rde1 g5 31. Re2 Bc8 32. Rfe1 Ra7 33. Bf2 Kf7 34. Ne3 h5 35. Nef5 Bxf5 36. Bxf5 hxg4 37. fxg4 Nxf5 38. Nxf5 Ne4 39. Rxe4 dxe4 40. Qe2 Qd5 41. Bg3 a4 42. Ne3 Qe6 43. Nxc4 Rd8 44. Rf1+ Kg8 45. Rf5 Rd5 46. Ne5 a3 47. bxa3 Rxa3 48. Qb2 Rda5 49. c4 Bxe5 50. Rxg5+ Bg7 51. Rxg7+ Kxg7 52. d5+ Kg8 53. dxe6 Ra1+ 0-1

[Event "St Petersburg op"]
[Site "St Petersburg"]
[Date "2002.??.??"]
[Round "6"]
[White "Bashkirov, Valentin"]
[Black "Bogdanov, Aleksey"]
[Result "1-0"]
[WhiteElo "2105"]
[BlackElo "2177"]
[PlyCount "91"]
[EventDate "2002.??.??"]
[EventType "swiss"]
[EventRounds "9"]
[EventCountry "RUS"]
[SourceTitle "EXT 2006"]
[Source "ChessBase"]
[SourceDate "2005.11.24"]
[SourceVersion "1"]
[SourceVersionDate "2005.11.24"]
[SourceQuality "1"]

1. d4 Nf6 2. Nf3 g6 3. g3 Bg7 4. Bg2 0-0 5. 0-0 d6 6. a4 Nc6 7. Nc3 Bf5 8. Nh4 Bd7 9. h3 Qc8 10. Kh2 Nxd4 11. Qxd4 Ng4+ 12. Qxg4 Bxg4 13. hxg4 Qxg4 14. Bxb7 Rab8 15. Bf3 Qd7 16. Ra3 f5 17. e4 e5 18. Na2 d5 19. Rd3 d4 20. b3 Qc6 21. exf5 e4 22. Bg2 gxf5 23. Rd2 f4 24. Bh3 fxg3+ 25. fxg3 Rxf1 26. Bxf1 e3 27. Bc4+ Kh8 28. Rg2 Be5 29. Ba3 Qf6 30. Kh3 Qg5 31. Nc1 Bd6 32. Bxd6 cxd6 33. Ne2 Re8 34. Bd3 Qc5 35. Kh2 Rg8 36. Nf5 Rg4 37. Kg1 Qb4 38. Kf1 Qd2 39. Rh2 Qd1+ 40. Kg2 Rg5 41. Rh1 Qd2 42. Nxd6 Rg7 43. Nf5 Rc7 44. Nfxd4 Rd7 45. Nf3 Qa5 46. Rh4 1-0

[Event "Chigorin Memorial 08th"]
[Site "St Petersburg"]
[Date "2000.11.06"]
[Round "6"]
[White "Bashkirov, Valentin"]
[Black "Achang, Andrei"]
[Result "0-1"]
[WhiteElo "2080"]
[BlackElo "2331"]
[PlyCount "88"]
[EventDate "2000.10.31"]
[EventType "swiss"]
[EventRounds "9"]
[EventCountry "RUS"]
[SourceTitle "EXT 2001"]
[Source "ChessBase"]
[SourceDate "2000.11.22"]
[SourceVersion "1"]
[SourceVersionDate "2000.11.22"]
[SourceQuality "1"]

1. d4 Nf6 2. Nf3 g6 3. g3 Bg7 4. Bg2 0-0 5. 0-0 d6 6. a4 a5 7. Nc3 Nbd7 8. e4 c5 9. d5 Nb8 10. h3 Re8 11. Re1 Na6 12. Nd2 e6 13. dxe6 Bxe6 14. f4 Nb4 15. Nf1 Qb6 16. Ne3 Rad8 17. Kh2 h5 18. f5 Bd7 19. Nc4 Qa6 20. Bf1 Qa7 21. Nb5 Bxb5 22. axb5 d5 23. Rxa5 Qb8 24. Bf4 dxc4 25. Bxb8 Rxd1 26. Rxd1 Rxb8 27. fxg6 Nxc2 28. Bxc4 Nd4 29. gxf7+ Kf8 30. e5 Nf3+ 31. Kg2 Nxe5 32. Bd5 Nxd5 33. Rxd5 Nc4 34. Rxc5 Nxa5 35. b4 Nb3 36. Rxh5 Kxf7 37. Rd5 Ke6 38. Rd3 Nd4 39. h4 Rc8 40. Kf2 Rc2+ 41. Ke3 Be5 42. Ra3 Nf5+ 43. Kd3 Rg2 44. Kc4 Rxg3 0-1